00257nam a2200109Ia 4500008004100000245003200041260002200073440000600095521002200101942000700123999001700130140130s9999 xx 000 0 und d cWooding, ChrisaStorm thief bScholastic,c2006 v1 aGrade 4 - Grade 7 cBK c41160d41160